000 00557nam a22001937a 4500
005 20251108165829.0
008 250721s9999 xx 000 0 ara d
082 1 4 _aط/551.45/ناي
100 1 _aسعادة، نايف
245 1 0 _aالصحراء و المحيط /
264 1 _aبيروت :
_bدار الفتى العربي،
_c[19-].
300 _a59ص
490 0 _aالسلاسل العلمية المبسطة
650 1 7 _aالصحاري
650 1 7 _aالمحيطات
700 1 _aحمزة، معين
942 _2ddc
_cBK
999 _c32369
_d32369